Medicina basada en la evidencia. (Registro nro. 567)

Detalles MARC
000 -LEADER
fixed length control field 01225 am a2200349 a 4500
005 - FECHA ULTIMA MODIFICACION
control field 20240215131106.0
008 - CAMPO DE CONTROL (LIBRO)
fixed length control field 100806s2001||||sp d f |||| 001 0 spa d
020 ## - INTERNATIONAL STANDARD BOOK NUMBER
ISBN 8481745111
041 ## - CODIGO DE IDIOMA
Código de idioma del texto/pista de sonido o título separado spa
092 ## - SIGNATURA TOPOGRAFICA DEWEY LOCAL
número de clasificación 616
libristica 51
sección MED
245 ## - TITULO PROPIAMENTE DICHO
Título Medicina basada en la evidencia.
Subtítulo y Título paralelo Cómo practicar y enseñar la MBE /
Mención de responsabilidad y remanente de la transcripción de la portada David L. Sackett
250 ## - MENCION DE EDICION
Mención de edición 2a ed. en español de la 2a ed. de la obra original en inglés
Mención de responsabilidad relacionada con la ed. Revisión Ricard Cervera
260 ## - PIE DE IMPRENTA
Lugar de publicación, distribución, etc Madrid:
Nombre de la editorial, distribuidor, etc Harcourt ; Churchill Livingstone;
Fecha de publicación 2001.
300 ## - DESCRIPCION FISICA
Extension 253 p.
500 ## - NOTA GENERAL
Nota general Sackett, D. et al. (2001). Medicina basada en la evidencia. Cómo practicar y enseñar la MBE. (2a ed.). Madrid : Harcourt.
653 ## - TÉRMINO INDIZADO - PALABRAS CLAVES
Palabra clave Formulando preguntas clínicas contestables
653 ## - TÉRMINO INDIZADO - PALABRAS CLAVES
Palabra clave Cómo encontrar la mejor evidencia actual
653 ## - TÉRMINO INDIZADO - PALABRAS CLAVES
Palabra clave Diagnóstico y cribado
653 ## - TÉRMINO INDIZADO - PALABRAS CLAVES
Palabra clave Pronóstico
653 ## - TÉRMINO INDIZADO - PALABRAS CLAVES
Palabra clave Tratamiento
653 ## - TÉRMINO INDIZADO - PALABRAS CLAVES
Palabra clave Daño
653 ## - TÉRMINO INDIZADO - PALABRAS CLAVES
Palabra clave Directrices
653 ## - TÉRMINO INDIZADO - PALABRAS CLAVES
Palabra clave Método de enseñanza
653 ## - TÉRMINO INDIZADO - PALABRAS CLAVES
Palabra clave Evaluación
700 1# - ENTRADAS SECUNDARIAS - NOMBRE PERSONAL
Nombre personal Sackett, David L.
9 (RLIN) 923
700 1# - ENTRADAS SECUNDARIAS - NOMBRE PERSONAL
Nombre personal Straus, Sharon E.
9 (RLIN) 924
700 1# - ENTRADAS SECUNDARIAS - NOMBRE PERSONAL
Nombre personal Richardson, W. Scott.
9 (RLIN) 925
700 1# - ENTRADAS SECUNDARIAS - NOMBRE PERSONAL
Nombre personal Rosemberg, William.
9 (RLIN) 926
700 1# - ENTRADAS SECUNDARIAS - NOMBRE PERSONAL
Nombre personal Haynes, R. Brian.
9 (RLIN) 927
930 ## - NUMERO DE INVENTARIO
Número de inventario 1112
942 ## - ADDED ENTRY ELEMENTS (KOHA)
Source of classification or shelving scheme Dewey Decimal Classification
Item type Libros
Existencias
Estado de retiro Existencia Fuente de clasificación Estado general No para prestamo Colección Ubicación permanente ubicación actual Sala de ubicación Fecha de adquisición Total Checkouts Número de clasificación Código de barras Date last seen Número de ejemplar Price effective from Koha tipo de elemento (item) Public note
    Dewey Decimal Classification     Reference Biblioteca Medicina Biblioteca Medicina Referencia 13/05/2011   616 51 MED 1112 06/11/2014 ej.1 18/08/2011 Reference LIBRO DE CONSULTA

UNIVERSIDAD NACIONAL DEL COMAHUE
Biblioteca de la Facultad de Ciencias Médicas
Sede Toschi: Los Arrayanes y Av. Toschi, Cipolletti  - Rio Negro
Sede Los Tordos:  Yrigoyen al 2211, Cipolletti - Rio Negro 

Teléfono: 0299 - 4774707 int 25
Contacto: biblioteca@facimed.uncoma.edu.ar
© 2011 - 2026